Baam... ou Rachel ? - Tower of God - Statistiques

Statistiques générales
  • Ce quiz a été pris 20 fois
  • Le résultat moyen est 7 sur 15
Statistiques - réponses
Hint Réponse % Correct
Est un manieur de vagues Baam
75%
Signifie "Châtaigne" Baam
75%
S'est surnommé Icare Rachel
67%
Arlene Grace est sa mère Baam
58%
Est un irrégulier Les deux
58%
A déjà discuté avec un chef de famille Les deux
58%
Signifie "La nuit" Baam
50%
A porté la couronne au Jeu de la couronne Baam
50%
A travaillé avec le FUG Les deux
50%
Est un régulier Les deux
42%
Est le personnage préféré de l'auteur Rachel
42%
Est un meurtrier Les deux
33%
Est officiellement inspiré d'un personnage biblique Rachel
25%
Fait partie de Révolution Rachel
25%
Est un ami d'un membre de la famille Ha Les deux
17%
Aucun quiz correspondant
Distribution des résultats
% des personnes avec chaque résultat
Percentile par nombre de réponses
Votre historique - résultats
Vous n’avez pas pris ce quiz